[Event "Gibraltar Challengers A 2020"]
[Site "Caleta"]
[Date "2020.01.21"]
[Round "3.2"]
[White "Carrascoso Morales, Abel"]
[Black "Nebel, Jens"]
[Result "1-0"]
[WhiteElo "2229"]
[BlackElo "2168"]
[Annotator "TA"]
[PlyCount "39"]
[EventDate "2020.01.20"]
[EventType "swiss"]
[EventCountry "GGB"]
[SourceTitle "playchess.com"]
[Source "ChessBase"]
[SourceQuality "1"]

{[%evp 17,53,17,22,11,8,8,60,69,112,22,28,-11,0,-1,25,-12,0,0,78,69,197,-16,59,-35,63,79,82,71,89,0,0,0,0,0,29996,29997,29997,29998]} 1. d4 Nf6 2. c4 c5 3. d5 e6 4. Nc3 exd5 5. cxd5 d6 6. e4 g6 7. f4 Bg7 8. Bb5+ Nfd7 9. Nf3 a6 10. Bd3 {A67: Modern Benoni: Taimanov Variation} b5 11. O-O c4 $146 (11... O-O $11) ({Predecessor:} 11... O-O 12. a3 Nf6 13. f5 Re8 14. Kh1 Nbd7 15. Bf4 Ng4 16. Bxd6 Ne3 17. Qd2 Nxf1 18. Rxf1 c4 19. Bc2 Ne5 20. Bxe5 Bxe5 21. Nxe5 Rxe5 {½-½ (38) Adhiban,B (2654)-Sek,K (2446) Moscow 2019}) 12. Bc2 $14 {White is slightly better.} b4 13. Ne2 (13. Na4 $1 $16) 13... O-O $11 14. Kh1 a5 15. f5 Qc7 16. Ng3 Ba6 {Strongly threatening ...c3.} 17. e5 $36 {[%mdl 2048] White is more active.} dxe5 (17... Nxe5 $11 {keeps the balance.} 18. Nd4 b3 $1 {[%mdl 512]}) 18. d6 $16 Qb6 (18... Qa7 $14) 19. Be4 $2 ({Better is} 19. fxg6 $18 hxg6 20. Ng5) 19... Bb7 (19... Ra7 $1 $11) 20. Nd2 {Played: Bc1-e3} 1-0

[Event "Gibraltar Challengers A 2020"]
[Site "Caleta"]
[Date "2020.01.21"]
[Round "3.3"]
[White "De Abreu, Roberto N"]
[Black "Oragwu, Chukwunonso"]
[Result "1-0"]
[WhiteElo "2154"]
[BlackElo "2220"]
[Annotator "TA"]
[PlyCount "81"]
[EventDate "2020.01.20"]
[EventType "swiss"]
[EventCountry "GGB"]
[SourceTitle "playchess.com"]
[Source "ChessBase"]
[SourceQuality "1"]

{[%evp 13,81,36,32,34,26,35,42,35,35,38,35,17,13,17,26,19,18,27,17,26,27,1,9,4,0,-2,-3,-52,-39,-64,13,9,3,0,19,-13,4,-25,-27,-27,-22,-37,0,-15,-15,-21,-12,-12,2,0,0,0,0,0,0,0,0,0,0,0,6,0,46,0,0,0,6,0,29992,29993]} 1. d4 Nf6 2. c4 g6 3. g3 Bg7 4. Bg2 O-O 5. Nf3 d6 6. Nc3 Nc6 7. O-O Bf5 8. Ng5 {E62: King's Indian: Fianchetto: 6...c6 and Panno Variation (6...Nc6) without ...a6} (8. Ne1 Re8 9. e4 Bd7 10. d5 Na5 11. Qe2 c5 12. Nc2 e6 13. Bf4 exd5 14. cxd5 b5 15. b4 Nh5 16. Bd2 {0-1 (54) Socko,B (2618)-Smirin,I (2607) Moscow 2019}) 8... h6 9. e4 $146 ({Predecessor:} 9. Nh3 Qd7 10. Nf4 e5 11. dxe5 dxe5 12. Qxd7 Bxd7 13. Nfd5 Nxd5 14. cxd5 Na5 15. b3 Rfd8 {½-½ (37) Giuriato,S (1981)-Spano,A (1851) Cavarzere 2012}) 9... Bg4 10. f3 {White is slightly better.} Bd7 11. Nh3 e5 12. d5 Nd4 13. Ne2 Re8 14. Be3 c5 15. dxc6 Nxe2+ 16. Qxe2 bxc6 17. Qd2 Be6 18. b3 Kh7 19. Rad1 d5 20. cxd5 cxd5 21. exd5 Bxd5 (21... Nxd5 $15 22. Bc5 Rc8) 22. Nf2 $11 Qc7 23. Ne4 Red8 24. Qf2 Qa5 25. Rd2 Bxe4 26. fxe4 Ng4 27. Qe1 Qc7 (27... Bf8 $5 {[%cal Rf8b4]} 28. Rxd8 (28. Rxf7+ Kg8 $15) 28... Qxe1 29. Rxe1 Rxd8 30. Bxa7 Ra8 $15) 28. Qe2 {[#] Threatens to win with Rxd8.} Nxe3 29. Qxe3 Rxd2 (29... Rd4 {seems wilder.} 30. Qf2 Rf8 31. Rfd1 Qc5 32. Kh1 a5) 30. Qxd2 Kg8 31. Rc1 Qb6+ 32. Qf2 Bf8 33. Bf1 Ba3 34. Rc2 Rd8 35. Bc4 Rd7 36. Bd5 Kg7 37. Rc6 Qd4 38. Rc4 Qd1+ 39. Kg2 f5 40. Rc6 {Threatening mate with Rxg6+!} Be7 $2 {[%mdl 8192] [#]} (40... f4 $11) 41. Rxg6+ $1 {[%mdl 576] Remove Defender, Back Rank. Accuracy: White = 49%, Black = 37%.} 1-0

[Event "Gibraltar Challengers A 2020"]
[Site "Caleta"]
[Date "2020.01.21"]
[Round "3.4"]
[White "Piasetski, Leon"]
[Black "Royset, Pal"]
[Result "1-0"]
[WhiteElo "2219"]
[BlackElo "2151"]
[Annotator "TA"]
[PlyCount "63"]
[EventDate "2020.01.20"]
[EventType "swiss"]
[EventCountry "GGB"]
[SourceTitle "playchess.com"]
[Source "ChessBase"]
[SourceQuality "1"]

{[%evp 12,81,30,6,14,0,40,37,67,64,82,75,79,54,71,54,54,60,83,85,87,81,93,51,50,46,59,57,51,53,68,55,59,53,75,78,25,36,62,26,26,-36,187,213,204,171,438,435,435,430,414,416,433,424,431,423,436,423,391,352,318,313,461,456,514,523,508,509,558,550,865,854]} 1. c4 e5 2. g3 Nc6 3. Bg2 g6 4. Nc3 Bg7 5. e3 d6 6. Nge2 h5 7. h3 Nf6 {A25: English Opening vs King's Indian with ...Nc6 but without early d3} 8. d4 Bd7 9. d5 Nb8 $146 {White is slightly better.} ({Predecessor:} 9... Na5 10. Qd3 O-O 11. e4 c5 12. dxc6 Nxc6 {½-½ (56) Leko,P (2725)-Shirov,A (2751) Linares 2000}) 10. e4 h4 11. g4 Nh7 12. f4 a5 13. Be3 Na6 14. Qd2 Nc5 15. O-O-O b6 16. Rhf1 Qe7 17. Rf2 exf4 18. Bxf4 O-O 19. Nd4 Rae8 20. Re2 Bf6 21. Nf3 g5 22. Bh2 Ba4 23. Rde1 {Black must now prevent e5.} Bb3 {Threatening ...Bxa2!} 24. e5 dxe5 $1 25. Bxe5 Bxa2 $1 {Hoping for ...Nb3+.} 26. Nd4 (26. Bxf6 $11 Qxe2 27. Rxe2 (27. Qxe2 Rxe2 28. Rxe2 Bxc4 $11) 27... Nb3+ {[%mdl 64] Double Attack} 28. Kc2 Nxd2 29. Rxd2 Nxf6 30. Nxa2) 26... Bxc4 $2 (26... Qxe5 $1 $15 {keeps the upper hand.} 27. Rxe5 Rxe5 28. Rxe5 Bxe5) 27. Bxf6 $18 {[%mdl 64] Overworked Piece} Qxf6 28. Rxe8 Nd3+ $2 (28... Qxd4 {was worth a try.} 29. Qxd4 (29. Rxf8+ Kxf8 30. Qxd4 Nb3+ 31. Kd1 Nxd4 $16) 29... Nb3+ 30. Kd1 Nxd4) 29. Kb1 Qxd4 30. R8e4 Qc5 {[#]} 31. Rxc4 $1 {[%mdl 576] Clearance} Qxc4 32. Re4 {Played: Bg2-f1} 1-0

[Event "Gibraltar Challengers A 2020"]
[Site "Caleta"]
[Date "2020.01.21"]
[Round "3.5"]
[White "Yanev, Pavel"]
[Black "Bengherabi, Khalil"]
[Result "0-1"]
[WhiteElo "2200"]
[BlackElo "2106"]
[Annotator "TA"]
[PlyCount "106"]
[EventDate "2020.01.20"]
[EventType "swiss"]
[EventCountry "GGB"]
[SourceTitle "playchess.com"]
[Source "ChessBase"]
[SourceQuality "1"]

{[%evp 11,106,49,57,18,34,25,41,37,44,35,27,31,27,0,0,-8,-22,-14,-18,-10,-4,0,-19,-39,-32,-40,-4,-12,0,-73,-61,-63,-56,-73,-82,-64,-75,-80,-73,-70,-70,-89,-76,-70,-56,-62,-54,-52,-53,-53,-53,-53,-53,-53,-20,-64,-37,-23,-10,-12,-9,-9,-9,-9,-9,-9,-16,-8,-14,-18,-8,-8,-8,-16,-8,-114,-118,-277,-294,-412,-410,-870,-822,-830,-760,-4133,-2450,-4710,-4134,-29974,-29972,-29980,-5732,-1678,-12,-29997,-29998]} 1. e4 c5 2. Nf3 d6 3. d4 cxd4 4. Nxd4 Nf6 5. Nc3 g6 6. Be3 a6 7. Bc4 {B72: Sicilian Dragon: 6 Be3, lines with h3+Bc4 and sidelines} (7. f3 b5 8. Qd2 Bb7 9. g4 h6 10. O-O-O Nbd7 11. h4 Rc8 12. Bd3 b4 13. Nce2 e5 14. Nb3 d5 15. exd5 Nxd5 {1-0 (33) Caruana,F (2817)-Shabalov,A (2556) Saint Louis 2017}) 7... Ng4 8. Bg5 Qa5 $146 ({Predecessor:} 8... h6 9. Bh4 Bg7 10. h3 Ne5 11. Bb3 Nbc6 12. Nxc6 bxc6 13. f4 Nd7 14. a3 Qa5 {0-1 (62) Gonzalez Diaz,E (1440)-Medina Sanchez,G (1740) Santa Cruz de Tenerife 2014}) 9. Qd2 {White is slightly better.} Bg7 {Hoping for ...Qc5.} 10. Nb3 (10. Bd5 {looks sharper.} e6 11. h3 Nf6 12. Bb3 O-O 13. Rd1) 10... Qc7 11. Be2 Bxc3 12. bxc3 f6 13. Bh4 Ne5 14. f4 Nc4 15. Qd3 Be6 16. O-O Nd7 17. Bf2 Nb2 $36 {[%mdl 2048] Black is pushing.} 18. Qd4 b5 19. Nd2 $1 Rc8 20. Rab1 (20. a4 $11 {remains equal.} Nxa4 21. c4) 20... Nc4 $17 21. Nxc4 Bxc4 22. Bd3 Bxd3 ({Reject} 22... Bxa2 $6 23. Ra1 $14) 23. cxd3 Qxc3 24. Qxc3 Rxc3 25. Rfc1 Rxc1+ 26. Rxc1 $15 {[%mdl 4096] Endgame And now Rc8+ would win. KRB-KRN} Kf7 27. Rc7 Rd8 28. Kf1 $1 Nc5 29. Bxc5 dxc5 {KR-KR} 30. Ke2 Rd4 {Strongly threatening ...Ra4.} 31. Rxc5 Ra4 32. Rc2 Ke6 33. Ke3 Kd6 34. g4 h6 35. h4 e6 36. g5 fxg5 37. hxg5 hxg5 38. fxg5 b4 39. d4 Ra3+ 40. Kf4 a5 41. Rh2 Rd3 42. Rh8 Rd2 43. e5+ (43. a3 $1 $11 {was the only way to keep the balance.}) 43... Kc6 $17 44. Rc8+ $2 {[#]} (44. d5+ $17 exd5 45. Rg8) 44... Kd7 $1 $19 {[%mdl 512]} 45. Rb8 (45. Rg8 {is the only way for White.} Rxa2 46. d5) 45... Rxa2 46. Ke3 (46. Ke4 $142 Ra1 47. Kd3) 46... Ra3+ 47. Kd2 b3 48. Rg8 a4 49. Rg7+ Kc6 50. Rxg6 Kd5 51. Rg8 Ra2+ (51... b2 $142 52. Kc2 Rb3 53. Kb1 a3 54. Rd8+ Ke4 55. Ra8 Rg3 56. Rxa3 Rxa3 57. Kxb2 Rg3 58. d5 Kxd5 59. g6 Kxe5 60. Kc1 Rxg6 61. Kc2 Kd4 62. Kb3 Kd3 63. Kb4 Rg5 64. Kb3 Rb5+ 65. Ka4 Kc4 66. Ka3 Kc3 67. Ka2 Ra5+ 68. Kb1 Ra8 69. Kc1 Ra1#) 52. Kd3 b2 $2 (52... Rg2 $19 53. Ra8 b2) 53. Rc8 $2 {[%mdl 8192] [#]} ({Avoid the trap} 53. Rd8+ $2 Kc6 $19) (53. Rb8 $11) 53... b1=Q+ {Accuracy: White = 44%, Black = 63%.} 0-1

[Event "Gibraltar Challengers A 2020"]
[Site "Caleta"]
[Date "2020.01.21"]
[Round "3.6"]
[White "Ungureanu, Sandu"]
[Black "Mihajlov, Svetoslav"]
[Result "1/2-1/2"]
[WhiteElo "2066"]
[BlackElo "2173"]
[Annotator "TA"]
[PlyCount "100"]
[EventDate "2020.01.20"]
[EventType "swiss"]
[EventCountry "GGB"]
[SourceTitle "playchess.com"]
[Source "ChessBase"]
[SourceQuality "1"]

{[%evp 14,100,1,-28,16,16,15,24,65,72,69,63,64,64,61,61,79,82,72,62,62,67,66,33,45,35,35,0,19,18,32,35,34,0,0,0,0,0,0,0,0,0,0,0,0,0,0,0,0,0,0,0,0,0,0,-123,0,0,0,0,0,0,0,0,0,0,0,0,0,0,0,0,0,0,0,0,0,0,0,0,0,0,0,0,0,0,0,0,0]} 1. g3 c5 2. Bg2 Nc6 3. c4 g6 4. Nf3 Bg7 5. O-O d6 6. Nc3 e5 7. d3 Nge7 8. Nd5 Nxd5 {A37: Symmetrical English vs ...g6: 4 Bg2 Bg7 5 Nf3} (8... O-O 9. Rb1 Nxd5 10. cxd5 Nb4 11. Qb3 a5 12. a4 Bg4 13. Qc4 Qd7 14. b3 Rfb8 15. Re1 b5 16. axb5 Bxf3 17. Bxf3 Qxb5 {½-½ (36) Mousavi,S (2319)-Azaladze,S (2482) Teheran 2014}) 9. cxd5 Ne7 10. e4 h6 {White has an edge.} 11. b4 $146 ({Predecessor:} 11. a4 O-O 12. Be3 f5 13. Rb1 g5 14. b4 f4 {0-1 (44) Catta Preta,D (2134)-Pinheiro,I (2181) Dos Hermanas 2003}) 11... b6 12. bxc5 bxc5 13. Rb1 O-O 14. Nd2 f5 15. Nc4 Qd7 16. Qb3 Ba6 17. Bd2 f4 18. f3 (18. Qa3 $5 {[%cal Ra3a6]} Bxc4 19. dxc4 $14) 18... g5 19. g4 Nc8 20. Ba5 Bf6 21. Qa3 Bb5 22. Rf2 Bd8 23. Rfb2 Bxc4 24. Rb7 {[%mdl 64] [#] Zwischenzug} Qe8 {aiming for ...Ba6.} 25. dxc4 Bxa5 26. Qxa5 Nb6 27. Bf1 Rf7 28. Rxf7 $1 Kxf7 29. Qa6 Qc8 30. Qxc8 Rxc8 $11 {[%mdl 4096] Endgame KRB-KRN} 31. a4 Rb8 32. a5 Nd7 33. Rb5 Ke7 34. h4 (34. Bd3 $11) 34... Kd8 (34... gxh4 $17 35. Kh2 Kf6) 35. h5 {The position is equal.} Kc7 36. Kf2 $1 Rd8 37. Ke1 Nb8 38. Kd2 Na6 39. Kc3 Rb8 40. Bd3 Kc8 41. Bc2 Nc7 42. Rxb8+ Kxb8 {KB-KN} 43. Ba4 Kb7 44. Bb5 Na6 45. Bxa6+ Kxa6 {KP-KP} 46. Kb3 Kxa5 47. Ka3 $1 a6 48. Kb3 Kb6 49. Ka4 a5 50. Kb3 Ka6 {Accuracy: White = 77%, Black = 70%.} 1/2-1/2

[Event "Gibraltar Challengers A 2020"]
[Site "Caleta"]
[Date "2020.01.21"]
[Round "3.7"]
[White "Lopez Gonzalez, Alfonso"]
[Black "Onabogun, Kolade"]
[Result "0-1"]
[WhiteElo "2199"]
[BlackElo "2198"]
[Annotator "TA"]
[PlyCount "134"]
[EventDate "2020.01.20"]
[EventType "swiss"]
[EventCountry "GGB"]
[SourceTitle "playchess.com"]
[Source "ChessBase"]
[SourceQuality "1"]

{[%evp 13,134,16,38,0,21,0,0,-6,19,24,22,26,33,25,33,19,19,26,34,-5,0,0,0,0,0,-13,7,14,10,0,0,0,0,0,0,0,20,0,41,41,41,41,41,16,41,17,25,18,24,0,0,0,0,0,0,0,0,0,0,0,22,0,3,0,7,0,0,0,0,0,0,-40,0,0,0,-40,0,0,0,0,0,0,0,0,0,-40,-40,-81,-81,-81,-81,-445,-347,-336,-264,-406,-335,-390,-364,-483,-439,-1139,-1106,-1083,-1056,-1539,-659,-1346,0,-1375,-1097,-29976,-1511,-1614,-1512,-29984,-29984,-29986,-29987,-29987,-29988,-29992,-29993]} 1. e4 c5 2. Nf3 Nc6 3. Bb5 g6 4. Bxc6 dxc6 5. d3 Bg7 6. h3 e5 7. O-O Qe7 8. Qe2 {B31: Sicilian: 2...Nc6 3 Bb5 g6} (8. Nbd2 Be6 9. a3 g5 10. Nc4 O-O-O 11. Bxg5 f6 12. Bd2 Nh6 13. b3 Rhg8 14. Kh1 Bf8 15. Bxh6 Bxh6 {½-½ (57) Howell,D (2655)-Lupulescu,C (2609) Novi Sad 2016}) 8... Nf6 9. Re1 $146 ({Predecessor:} 9. Be3 O-O 10. Nbd2 Nh5 11. Rfe1 b6 12. a4 a5 13. Nc4 Rb8 14. Qd2 Ba6 15. b3 Qc7 {0-1 (56) Pelikian,J (2335)-Diaz,J (2430) Sao Paulo 1995}) 9... O-O 10. a4 {The position is equal.} a5 11. Na3 Nd7 12. Nc4 b6 13. Bg5 f6 14. Bd2 Ba6 15. b3 Rab8 16. g3 Rfd8 17. Kg2 Nf8 18. Qd1 Ne6 19. Qc1 Rd7 20. Bh6 Nd4 21. Nxd4 cxd4 22. Bxg7 Qxg7 23. f4 (23. Qd2 {is interesting.} Ra7 24. h4 Qc7 25. h5 g5 26. h6) 23... Bxc4 24. bxc4 Qe7 25. Rf1 Rdd8 26. Rb1 Rf8 27. f5 g5 28. Rb3 {Threatening Qb2.} Rf7 29. Qd2 h5 30. Rfb1 Qc5 $1 31. Qc1 Rh7 32. Qb2 {[%cal Rb3b6]} Rhb7 33. Qc1 Rh7 34. Qb2 {[%cal Rb3b6]} Rhb7 35. Kf2 Kg7 36. Ke2 Kh7 37. Ra1 Kg7 38. Kd1 Rh8 39. Kc1 h4 40. g4 Rhb8 41. Kb1 Kf7 42. Ka2 Ke8 43. Rb1 Kd7 44. Rd1 Kc7 45. Rb1 Kc8 46. Rc1 Kc7 47. Rb1 Kd7 48. Ka1 Kc7 49. Rd1 b5 50. axb5 cxb5 51. cxb5 Rxb5 {Threatens to win with ...a4.} 52. Rb1 $2 {[%mdl 8192]} (52. Qa3 $17) 52... Rxb3 53. cxb3 $19 {[%mdl 4096] Endgame And now Rc1! would win. KQR-KQR} Kd7 54. Ka2 (54. Qd2 $142) 54... Qb4 55. Qa3 Qd2+ {[%mdl 64] [#] Double Attack} 56. Rb2 Qxd3 {[%mdl 64] Double Attack} 57. Qxa5 (57. Qc5 $142 Qxe4 58. Rc2) 57... Qxe4 58. Qa7+ Qb7 59. Qa4+ Qb5 (59... Ke7 $142 60. Rc2 d3 61. Qa3+ Ke8 62. Qa4+ Kf8 63. Qa3+ Kg8) 60. Qa7+ Qb7 61. Qa4+ Qc6 62. Qa7+ Rb7 (62... Kc8 $142 63. Qa5 {[#]} Ra8 $1 {[%mdl 512]} 64. Qxa8+ Qxa8+ 65. Kb1 Qh1+ {[%mdl 64] Double Attack} 66. Ka2 Qxh3 67. Ka3 Qxg4 68. Ra2 Qxf5 69. Re2 d3 70. Ra2 h3 71. Ra1 e4 72. b4 d2 73. Kb3 e3 74. Ra8+ Kb7 75. Rd8 h2 76. Kc3 h1=Q 77. Rd7+ Qxd7 78. b5 d1=Q 79. Kb4 Q7d6+ 80. Kc4 Q6d4#) 63. Qa3 d3 64. b4 Qd5+ {Black mates.} 65. Kb1 d2 {[%cal Rd2d1]} 66. Qa4+ Ke7 67. Qd1 Qd3+ 0-1

[Event "Gibraltar Challengers A 2020"]
[Site "Caleta"]
[Date "2020.01.21"]
[Round "3.8"]
[White "Hamer, Martyn"]
[Black "Levay, Sorin"]
[Result "0-1"]
[WhiteElo "2069"]
[BlackElo "2192"]
[Annotator "TA"]
[PlyCount "93"]
[EventDate "2020.01.20"]
[EventType "swiss"]
[EventCountry "GGB"]
[SourceTitle "playchess.com"]
[Source "ChessBase"]
[SourceQuality "1"]

{[%evp 14,93,72,72,74,60,58,62,55,54,62,53,73,70,83,79,81,75,75,75,89,75,81,75,75,72,64,-12,0,-37,-9,-14,0,0,-7,-10,0,0,0,0,0,-38,-33,-19,45,-12,6,7,53,29,102,-110,-98,-117,-92,-114,-89,-83,-106,-91,-107,-87,0,-196,-196,-286,-287,-267,-260,-5410,-5410,-29989,-29990,-29990,-29991,-29991,-29992,-29992,-29993,-29993,-29987,-29987]} 1. d4 c5 2. d5 e5 3. e4 d6 4. Nc3 Be7 5. Nf3 a6 6. a4 Bg4 7. Be2 Bxf3 8. Bxf3 Bg5 {A44: Semi-Benoni} 9. O-O (9. a5 Bxc1 10. Qxc1 Ne7 11. O-O O-O 12. Nb1 f5 13. Nd2 Nd7 14. exf5 Nxf5 15. Bg4 Qh4 16. Ra4 {½-½ (47) Postny,E (2631)-Dimitrov,R (2445) Bastia 2013}) 9... Bxc1 10. Qxc1 Ne7 {White is slightly better.} 11. Bg4 Ng6 $146 ({Predecessor:} 11... O-O 12. a5 g6 13. f4 Nd7 14. Bxd7 Qxd7 15. fxe5 dxe5 16. Na4 {1-0 (27) Christian,D-Mecit,E Dos Hermanas 2004}) 12. g3 Nd7 13. h4 Nf6 14. Bh3 b6 15. Qg5 h6 16. Qe3 Ra7 17. Qf3 O-O 18. Nd1 Qc7 19. Ne3 Ne7 20. g4 (20. a5 $14) 20... Nh7 21. Nf5 Ng6 22. Kh2 Qd8 23. Qg3 $1 Nf4 24. Rfe1 Qf6 25. Bf1 Rb8 26. Reb1 Qd8 27. b4 Nf6 28. f3 Qf8 (28... cxb4 $11 29. Rxb4 Nd7) 29. a5 ({White should play} 29. bxc5 $14 bxc5 30. a5) 29... cxb4 30. Qf2 Nd7 31. Rxb4 {[%cal Ra5b6]} g6 (31... Nc5 $11) 32. Ng3 $2 (32. axb6 $16 {is forced if you want to stay better.} Rab7 33. Ne3 (33. Bxa6 Rxb6 34. Rxb6 Rxb6 $11)) 32... Qd8 $17 33. Ne2 bxa5 34. Rxb8 Qxb8 35. Nxf4 exf4 36. Rxa5 Nc5 37. Qd2 {[#]} Rb7 ({Black should try} 37... Qb2 $1 $17 38. Qxf4 Qxc2+ 39. Bg2 Rb7) 38. Bxa6 $2 {[#]} (38. e5 $11) 38... Rb1 $1 $19 39. Be2 (39. Bc4 $142 Qd8 40. g5 hxg5 41. Rb5 Rxb5 42. Bxb5) 39... Qd8 40. g5 hxg5 $40 {[%mdl 128] And now ...g4! would win. Black goes for the king.} 41. Ra7 $2 {[#]} (41. Rb5 Rxb5 42. Bxb5) 41... g4 $1 {[%mdl 512]} 42. Qxf4 (42. fxg4 Qxh4+) 42... Qxh4+ {Black mates.} 43. Kg2 Qh1+ 44. Kg3 Rg1+ 45. Kf2 Rg2+ 46. Ke3 Qc1+ 47. Kd4 {Accuracy: White = 35%, Black = 46%.} 0-1

[Event "Gibraltar Challengers A 2020"]
[Site "Caleta"]
[Date "2020.01.21"]
[Round "3.9"]
[White "Ajele, Rotimi"]
[Black "Vinas Guerrero, Carlos A."]
[Result "1/2-1/2"]
[WhiteElo "2188"]
[BlackElo "2092"]
[Annotator "TA"]
[PlyCount "97"]
[EventDate "2020.01.20"]
[EventType "swiss"]
[EventCountry "GGB"]
[SourceTitle "playchess.com"]
[Source "ChessBase"]
[SourceQuality "1"]

{[%evp 24,97,0,-7,-8,-13,-11,-66,-45,-52,-52,-64,-65,-70,-73,-194,-192,-172,-189,-183,-91,-125,-72,-144,-129,-197,-197,-210,-213,-237,-181,-201,-187,-260,-172,-195,-128,-138,-99,-119,-40,-50,20,16,23,0,0,-11,-11,-11,-11,-12,-11,-82,-92,-82,0,0,0,0,0,0,0,0,0,0,0,0,0,0,0,0,0,0,0,0]} 1. d4 Nf6 2. c4 g6 3. Nc3 Bg7 4. Nf3 O-O 5. g3 d6 6. Bg2 Nc6 7. O-O Rb8 8. b3 a6 9. Bb2 b5 10. d5 Na5 11. cxb5 axb5 12. Nd4 b4 13. Na4 e5 {E63: King's Indian: Fianchetto: Panno Variation with 7...a6} (13... Bd7 14. Nc6 Nxc6 15. dxc6 Bf5 16. e4 Bg4 17. Qd2 Qc8 18. Rac1 Bh3 19. Rc4 Bxg2 20. Kxg2 Rb5 21. Rxb4 {1-0 (37) Smith,A (2481)-Svane,R (2493) Vaxjo 2014}) 14. Nc2 Bd7 15. Ne3 (15. Qe1 $11) 15... Qc8 $146 {Black is slightly better.} ({Predecessor:} 15... Bh6 16. Bc1 Bxa4 17. bxa4 b3 18. Bd2 b2 19. Rb1 Bxe3 20. Bxa5 Bc1 21. Qc2 {1-0 (55) Gauglitz,G (2392)-Hoerr,M (2089) Germany 2010}) 16. Rc1 Qb7 17. Ba1 Bh6 18. Nb2 Qa7 19. Nd3 (19. Qd2 $17) 19... Bxe3 $19 20. fxe3 Ng4 ({Don't do} 20... Qxe3+ 21. Kh1 $15) 21. Qe1 Qxe3+ (21... Nxe3 $19 {and Black stays clearly on top. White must now prevent ...c5.} 22. Qf2 Rb7 23. Nxb4 Nxf1 24. Qxa7 Rxa7 25. Kxf1 Rc8) 22. Kh1 $17 Qb6 (22... Qh6 $142 $1 {[%csl Gg4][%cal Rh6h2]} 23. h4 Qe3) 23. Bh3 {[#]} (23. h3 $142 Ne3 24. Rf6 Nxg2 25. Kxg2) 23... c5 $1 24. Bxg4 (24. Qd2 $17) 24... Bxg4 $19 25. Rf6 {Strongly threatening Nxe5!} Qd8 26. Rf2 f6 27. Qd2 Bf5 28. Qe3 (28. Rff1 {was called for.}) 28... Bxd3 29. Qxd3 Nb7 (29... f5 $19 30. Bb2 Ra8) 30. Rcf1 Qe7 31. e4 Nd8 (31... Ra8 $17 32. Qb1 {[#]} c4 $1 {[%mdl 512]} 33. bxc4 Nc5) 32. Bb2 $15 Rb7 (32... Kg7 $15) 33. Bc1 $11 Qg7 34. Kg1 h5 35. h4 Rbf7 36. Qa6 Nb7 37. Kg2 f5 (37... Kh8 {is more complex.} 38. Qd3 Qh7 39. Qa6 f5 40. Bg5 Rc8) 38. exf5 (38. Qb5 $11 {keeps the balance.}) 38... Rxf5 $17 39. Rxf5 Rxf5 ({Black should try} 39... gxf5 $17 40. Bg5 Qf7) 40. Rxf5 $11 {The position is equal.} gxf5 41. Bg5 Kh7 42. Qc6 Qf7 43. Kf3 Kg7 44. Ke3 Kh7 45. Kf3 Kg7 46. Be3 Kh7 47. Bc1 Kg7 48. Kg2 Kh7 49. Bg5 {Accuracy: White = 47%, Black = 63%.} 1/2-1/2

[Event "Gibraltar Challengers A 2020"]
[Site "Caleta"]
[Date "2020.01.21"]
[Round "3.10"]
[White "Huguet, Sergio"]
[Black "Ask, Josef"]
[Result "0-1"]
[WhiteElo "2055"]
[BlackElo "2174"]
[Annotator "TA"]
[PlyCount "56"]
[EventDate "2020.01.20"]
[EventType "swiss"]
[EventCountry "GGB"]
[SourceTitle "playchess.com"]
[Source "ChessBase"]
[SourceQuality "1"]

{[%evp 18,56,39,37,46,30,52,37,42,41,31,7,20,8,20,15,14,0,97,33,101,-15,-25,0,-5,-10,-7,-255,-270,-343,-337,-698,-696,-683,-666,-1248,-1073,-5211,-923,-895,-886]} 1. c4 g6 2. g3 Bg7 3. Bg2 d6 4. Nc3 e5 5. e4 Nc6 6. Nge2 h5 7. h4 Nh6 8. d3 Be6 9. Nd5 O-O 10. O-O f6 $146 {A26: English Opening vs King's Indian with ...Nc6 and d3} ({Predecessor:} 10... f5 11. Bxh6 Bxh6 12. exf5 gxf5 13. Nec3 Bf7 14. Bf3 Nd4 15. Bxh5 c6 16. Ne3 f4 17. Bxf7+ Rxf7 18. Qh5 fxe3 19. Qxh6 {0-1 (43) Johansson,L (2423)-Sadeh,S (2284) Stockholm 2016}) 11. Rb1 Qd7 12. b4 Nd8 {White is slightly better.} 13. b5 c6 14. bxc6 (14. Ndc3 {with more complications.} f5 15. a4 Ng4 16. exf5 Bxf5 17. a5) 14... bxc6 15. Ne3 f5 {Hoping for ...f4.} 16. f4 Ndf7 17. d4 fxe4 (17... exd4 $1 $11 {keeps the balance.} 18. Nxd4 Rae8) 18. dxe5 (18. Bxe4 $16 Bh3 19. Re1) 18... Bh3 (18... dxe5 $14 19. Bxe4 Nf5) 19. Ba3 (19. Bxh3 $16 Qxh3 20. exd6) 19... Bxg2 $11 20. Kxg2 {[%cal Ra3d6] aiming for Bxd6.} Rfd8 21. exd6 Nxd6 22. Qb3 $2 (22. Bxd6 $11 Qxd6 23. Qxd6 Rxd6 24. Rfd1) 22... Ndf5 $19 23. Nxf5 Nxf5 24. Rfd1 $2 {[#]} (24. Bc1) 24... Qxd1 $3 {[%mdl 512] Black is clearly winning.} 25. Rxd1 Rxd1 26. Qb7 Rad8 {( -> ...R8d2!)} 27. Qxc6 R8d2 (27... Ne3+ $142 28. Kh2 {[#]} R8d2 $1 {[%mdl 512]} 29. Qxe4 Rxe2+ 30. Kh3 Rdd2 31. Qe6+ Kh7 32. g4 Rh2+ 33. Kg3 Nf1+ 34. Kf3 Rhf2+ 35. Ke4 Rd4#) 28. Qxe4 Nd4 {Accuracy: White = 11%, Black = 42%.} 0-1